[Event "18. Open de Sants Hostafrancs 2016"]
[Site "Barcelona ESP"]
[Date "2016.08.20"]
[Round "2.20"]
[White "Serarols Mabras, Bernat"]
[Black "Movsziszian, Karen"]
[Result "1-0"]
[WhiteElo "2237"]
[BlackElo "2495"]
[PlyCount "135"]
[EventDate "2016.08.19"]
[EventType "swiss"]
[EventRounds "10"]
[EventCountry "ESP"]
[SourceTitle "Ajedrez en Madrid"]
[Source "lmi"]
[SourceDate "2016.08.19"]

1. d4 d6 2. Nf3 g6 3. c4 Bg7 4. Nc3 Nd7 5. g3 e5 6. Bg2 Ne7 7. O-O O-O 8. dxe5
dxe5 9. Qc2 h6 10. Rd1 c6 11. Ne4 Qc7 12. Nd6 Nc5 13. Be3 Ne6 14. Bh3 f5 15.
Rd2 c5 16. Nb5 Qb8 17. Rad1 a6 18. Nd6 Nd4 19. Bxd4 cxd4 20. Nxc8 Qxc8 21. Qb3
g5 22. Bg2 Nc6 23. c5+ Kh8 24. e3 d3 25. Rxd3 e4 26. Rd7 exf3 27. Bxf3 Rb8 28.
Bxc6 bxc6 29. Qe6 Rb7 30. Qe7 Rxd7 31. Rxd7 Rg8 32. Qd6 Qb8 33. Qxc6 Qxb2 34.
Qd6 Qe5 35. Qb6 f4 36. c6 f3 37. Qxa6 Qa1+ 38. Qf1 Qc3 39. c7 Be5 40. Qb1 Bg7
41. h3 Qc4 42. Qd1 Rf8 43. a4 Qc5 44. Kh2 Qc3 45. a5 Qxa5 46. Rxg7 Qa2 47. Kg1
Kxg7 48. Qd7+ Qf7 49. c8=Q Rxc8 50. Qxc8 Qd5 51. Qc3+ Kg6 52. Qc2+ Kg7 53. g4
Qb5 54. Qc7+ Kg6 55. Kh2 Qa6 56. Qe5 Qc6 57. Kg3 Kf7 58. Qf5+ Kg7 59. Qxf3 Qd6+
60. Kg2 Qe6 61. Qf5 Qd6 62. e4 Qd4 63. Qe6 Qd3 64. Qd5 Qxd5 65. exd5 Kf6 66. f4
gxf4 67. h4 Ke5 68. g5 1-0

[Event "18. Open de Sants Hostafrancs 2016"]
[Site "Barcelona ESP"]
[Date "2016.08.20"]
[Round "2.21"]
[White "Bailet, Pierre"]
[Black "Maatoug, Redwan"]
[Result "1-0"]
[WhiteElo "2492"]
[BlackElo "2235"]
[PlyCount "117"]
[EventDate "2016.08.19"]
[EventType "swiss"]
[EventRounds "10"]
[EventCountry "ESP"]
[SourceTitle "Ajedrez en Madrid"]
[Source "lmi"]
[SourceDate "2016.08.19"]

1. e4 c5 2. Nf3 d6 3. Bb5+ Nc6 4. O-O a6 5. Bd3 g6 6. c3 Bg7 7. Bc2 Ne5 8. Nxe5
dxe5 9. d3 Nf6 10. Nd2 O-O 11. Nc4 Nh5 12. a4 Be6 13. Be3 Qc7 14. a5 Rad8 15.
Qf3 Nf4 16. Rfd1 h5 17. h3 Bxc4 18. dxc4 Bf6 19. h4 Rxd1+ 20. Qxd1 Ne6 21. g3
Kh7 22. Bd3 Rd8 23. Qc2 Bg7 24. Bf1 Bh6 25. Bxh6 Kxh6 26. Bh3 Nf8 27. Ra3 Nh7
28. Rb3 Nf6 29. Rb6 Rd6 30. Rxd6 Qxd6 31. Kf1 Qc7 32. b4 e6 33. Qd3 Kg7 34. Bg2
Ne8 35. Bf3 Nd6 36. Be2 Qc6 37. f3 f6 38. Qe3 Nc8 39. Kf2 Ne7 40. g4 hxg4 41.
fxg4 Nc8 42. g5 Nd6 43. gxf6+ Kf7 44. Bd3 cxb4 45. cxb4 Ne8 46. b5 Qd7 47. Ke2
Nxf6 48. Qc5 Nh5 49. Qxe5 Qe7 50. Qg5 Qxg5 51. hxg5 Nf4+ 52. Ke3 e5 53. bxa6
bxa6 54. c5 Ne6 55. Bxa6 Ke7 56. Bc4 Nd4 57. a6 Nc6 58. Bd5 Na7 59. Kd3 1-0

[Event "18. Open de Sants Hostafrancs 2016"]
[Site "Barcelona ESP"]
[Date "2016.08.20"]
[Round "2.22"]
[White "Guezennec, Franck"]
[Black "Rios, Cristhian Camilo"]
[Result "0-1"]
[WhiteElo "2232"]
[BlackElo "2490"]
[PlyCount "61"]
[EventDate "2016.08.19"]
[EventType "swiss"]
[EventRounds "10"]
[EventCountry "ESP"]
[SourceTitle "Ajedrez en Madrid"]
[Source "lmi"]
[SourceDate "2016.08.19"]

1. e4 c5 2. Nf3 d6 3. d4 cxd4 4. Nxd4 Nf6 5. Nc3 Nc6 6. Be2 e6 7. O-O Be7 8.
Kh1 Bd7 9. Ndb5 Qb8 10. Bf4 Ne5 11. a4 O-O 12. Bg5 a6 13. Bxf6 Bxf6 14. Nxd6
Rd8 15. f4 Bc6 16. fxe5 Bxe5 17. Bh5 f6 18. Bf7+ Kh8 19. Qg4 Rxd6 20. Rf3 Bd7
21. Raf1 Qf8 22. Qh5 h6 23. Bg6 Qe7 24. Nd1 Rd4 25. b3 f5 26. Nf2 Bc6 27. c3
Rd2 28. Rd3 Rd8 29. exf5 R8xd3 30. f6 Qxf6 31. Kg1 0-1

[Event "18. Open de Sants Hostafrancs 2016"]
[Site "Barcelona ESP"]
[Date "2016.08.20"]
[Round "2.23"]
[White "Baghdasaryan, Vahe"]
[Black "Juan Bartroli, Pau"]
[Result "1-0"]
[WhiteElo "2488"]
[BlackElo "2231"]
[PlyCount "70"]
[EventDate "2016.08.19"]
[EventType "swiss"]
[EventRounds "10"]
[EventCountry "ESP"]
[SourceTitle "Ajedrez en Madrid"]
[Source "lmi"]
[SourceDate "2016.08.19"]

1. Nf3 d5 2. g3 Nf6 3. c4 c6 4. Bg2 Bf5 5. O-O e6 6. cxd5 exd5 7. d3 Be7 8. Qb3
Qb6 9. Qc2 Nbd7 10. Nc3 O-O 11. e4 Bg6 12. Rd1 Rad8 13. Be3 Qa6 14. exd5 Nxd5
15. Nxd5 cxd5 16. Qb3 Nc5 17. Bxc5 Bxc5 18. d4 Be7 19. Rac1 Bf6 20. Rc7 b6 21.
Ne5 Bxe5 22. dxe5 Qe2 23. f4 Be4 24. Bf1 Qg4 25. Bd3 Bf3 26. Rf1 Be2 27. Re1
Bf3 28. Rxa7 h5 29. Rf1 Be4 30. Qd1 Qg6 31. f5 Qg5 32. Rf4 Rc8 33. Ra3 Rfd8 34.
Ba6 Rc7 35. h4 Qe7 1-0

[Event "18. Open de Sants Hostafrancs 2016"]
[Site "Barcelona ESP"]
[Date "2016.08.20"]
[Round "2.24"]
[White "Fernandez, Maria Florencia"]
[Black "Harutyunian, Tigran K"]
[Result "0-1"]
[WhiteElo "2231"]
[BlackElo "2485"]
[PlyCount "58"]
[EventDate "2016.08.19"]
[EventType "swiss"]
[EventRounds "10"]
[EventCountry "ESP"]
[SourceTitle "Ajedrez en Madrid"]
[Source "lmi"]
[SourceDate "2016.08.19"]

1. d4 Nf6 2. c4 e6 3. Nc3 Bb4 4. e3 O-O 5. Nge2 Re8 6. a3 Bf8 7. Nf4 d6 8. Qc2
e5 9. dxe5 dxe5 10. Nfd5 Nfd7 11. Ne4 Nb6 12. Nxb6 axb6 13. Bd3 Nc6 14. Rb1 f5
15. Nc3 e4 16. Be2 Ne5 17. O-O Bd6 18. Nd5 Nf3+ 19. Bxf3 exf3 20. g3 c6 21. Nf4
g5 22. c5 bxc5 23. Qc4+ Kg7 24. Nh5+ Kg6 25. b4 b5 26. Qd3 Kxh5 27. Rd1 Bc7 28.
Qc2 Qe7 29. bxc5 Qe4 0-1

[Event "18. Open de Sants Hostafrancs 2016"]
[Site "Barcelona ESP"]
[Date "2016.08.20"]
[Round "2.25"]
[White "Alvarez Pedraza, Aramis"]
[Black "Chirivi C, Jenny Astrid"]
[Result "1-0"]
[WhiteElo "2483"]
[BlackElo "2230"]
[PlyCount "61"]
[EventDate "2016.08.19"]
[EventType "swiss"]
[EventRounds "10"]
[EventCountry "ESP"]
[SourceTitle "Ajedrez en Madrid"]
[Source "lmi"]
[SourceDate "2016.08.19"]

1. e4 c5 2. Nf3 e6 3. g3 Nc6 4. Bg2 Nf6 5. Qe2 d5 6. exd5 Nxd5 7. O-O Be7 8.
Rd1 Bf6 9. Nc3 O-O 10. Ne4 Qe7 11. c4 Ndb4 12. Nxf6+ Qxf6 13. d3 h6 14. Be3 Nd4
15. Nxd4 cxd4 16. Bd2 a5 17. a3 Nc6 18. b4 e5 19. b5 Ne7 20. Re1 Ng6 21. c5 Qe7
22. Rac1 Be6 23. h4 h5 24. Qxh5 Rfc8 25. Qg5 Qxg5 26. Bxg5 f6 27. Bxb7 fxg5 28.
Bxa8 Rxa8 29. h5 Nf8 30. c6 Rb8 31. Rxe5 1-0

[Event "18. Open de Sants Hostafrancs 2016"]
[Site "Barcelona ESP"]
[Date "2016.08.20"]
[Round "2.26"]
[White "Esposito, Luca"]
[Black "Cuartas, Jaime Alexander"]
[Result "0-1"]
[WhiteElo "2229"]
[BlackElo "2481"]
[PlyCount "58"]
[EventDate "2016.08.19"]
[EventType "swiss"]
[EventRounds "10"]
[EventCountry "ESP"]
[SourceTitle "Ajedrez en Madrid"]
[Source "lmi"]
[SourceDate "2016.08.19"]

1. d4 Nf6 2. c4 e5 3. dxe5 Ng4 4. Bf4 g5 5. Bg3 Nc6 6. Nf3 Bg7 7. h4 Ngxe5 8.
Nxe5 Nxe5 9. e3 d6 10. Nc3 g4 11. h5 Be6 12. h6 Bf6 13. Ne4 Be7 14. c5 f5 15.
cxd6 cxd6 16. Nc3 O-O 17. Qd2 Rc8 18. Nd5 Bg5 19. b4 Rf7 20. Rd1 Ng6 21. Be2
Qf8 22. Qd4 Ne5 23. Qxa7 Bxd5 24. Rxd5 f4 25. exf4 Bxf4 26. Bxf4 Rxf4 27. Qe3
Re8 28. Kf1 Ng6 29. Qc3 Rxf2+ 0-1

[Event "18. Open de Sants Hostafrancs 2016"]
[Site "Barcelona ESP"]
[Date "2016.08.20"]
[Round "2.27"]
[White "Gonzalez Acosta, Bernal"]
[Black "Lasinskas, Povilas"]
[Result "1-0"]
[WhiteElo "2478"]
[BlackElo "2229"]
[PlyCount "91"]
[EventDate "2016.08.19"]
[EventType "swiss"]
[EventRounds "10"]
[EventCountry "ESP"]
[SourceTitle "Ajedrez en Madrid"]
[Source "lmi"]
[SourceDate "2016.08.19"]

1. d4 Nf6 2. Nf3 d5 3. c4 e6 4. g3 Be7 5. Bg2 O-O 6. O-O b6 7. cxd5 exd5 8. Nc3
Bb7 9. Bf4 Na6 10. Rc1 c5 11. dxc5 Nxc5 12. Nd4 Nfe4 13. Nxe4 dxe4 14. Nf5 Re8
15. Bd6 Bxd6 16. Nxd6 Re6 17. Nxb7 Nxb7 18. Qxd8+ Rxd8 19. Rc7 Nd6 20. Rd1 f5
21. Rxa7 Kf8 22. f3 Rc8 23. Rd7 Rc6 24. fxe4 Nxe4 25. Rb7 Rc8 26. Bf3 Ng5 27.
Kf2 Nxf3 28. Kxf3 Rce8 29. Rdd7 Re3+ 30. Kf4 Rxe2 31. Rf7+ Kg8 32. Rxg7+ Kh8
33. Rxh7+ Kg8 34. Kg5 f4 35. Rbg7+ Kf8 36. gxf4 Rc8 37. Rb7 Kg8 38. b4 Rxa2 39.
Rbg7+ Kf8 40. Rh8+ Kxg7 41. Rxc8 Rg2+ 42. Kf5 Rxh2 43. Rc7+ Kg8 44. Re7 Rh5+
45. Kf6 Rh6+ 46. Ke5 1-0

[Event "18. Open de Sants Hostafrancs 2016"]
[Site "Barcelona ESP"]
[Date "2016.08.20"]
[Round "2.29"]
[White "Cacciola, Alfredo"]
[Black "Barrientos, Sergio E"]
[Result "0-1"]
[WhiteElo "2215"]
[BlackElo "2466"]
[PlyCount "58"]
[EventDate "2016.08.19"]
[EventType "swiss"]
[EventRounds "10"]
[EventCountry "ESP"]
[SourceTitle "Ajedrez en Madrid"]
[Source "lmi"]
[SourceDate "2016.08.19"]

1. e4 c5 2. Nf3 d6 3. d4 Nf6 4. Nc3 cxd4 5. Nxd4 a6 6. Be2 e5 7. Nb3 Be7 8. Bg5
Be6 9. Bxf6 Bxf6 10. Qd3 Nc6 11. O-O-O Be7 12. Kb1 O-O 13. Nd5 a5 14. c3 Bg5
15. g3 Ne7 16. h4 Bxd5 17. exd5 Bh6 18. g4 Bf4 19. g5 b5 20. Bf3 Qb6 21. Be4 h5
22. Nc1 b4 23. c4 b3 24. Qxb3 Qxf2 25. Nd3 Qd4 26. Rhe1 Bg3 27. Nf4 Rab8 28.
Rxd4 Rxb3 29. Rf1 Re3 0-1

[Event "18. Open de Sants Hostafrancs 2016"]
[Site "Barcelona ESP"]
[Date "2016.08.20"]
[Round "2.30"]
[White "Petrosyan, Tigran S"]
[Black "Rasch, Holger"]
[Result "1-0"]
[WhiteElo "2462"]
[BlackElo "2221"]
[PlyCount "81"]
[EventDate "2016.08.19"]
[EventType "swiss"]
[EventRounds "10"]
[EventCountry "ESP"]
[SourceTitle "Ajedrez en Madrid"]
[Source "lmi"]
[SourceDate "2016.08.19"]

1. Nf3 Nf6 2. c4 e6 3. g3 b6 4. Bg2 Bb7 5. O-O c5 6. Nc3 Be7 7. Re1 O-O 8. e4
d6 9. d4 cxd4 10. Nxd4 Qc8 11. Be3 Nbd7 12. f4 Rd8 13. Rc1 Bf8 14. b3 a6 15.
Bf2 Ra7 16. g4 e5 17. Nf5 exf4 18. g5 Ne8 19. Qd2 Ba8 20. Qxf4 Qb8 21. Rcd1 Ne5
22. Nd5 Bxd5 23. exd5 f6 24. Nd4 fxg5 25. Qxg5 Nf6 26. Ne6 Re8 27. Bd4 Nf7 28.
Qg3 Nh5 29. Qf2 Ne5 30. Rf1 Rf7 31. Qh4 g6 32. Rxf7 Kxf7 33. Qf2+ Kg8 34. Bxb6
Ng4 35. Qd4 Rxe6 36. dxe6 Bg7 37. Qxg4 Qxb6+ 38. Kh1 Nf6 39. e7 Nxg4 40. e8=Q+
Bf8 41. Qe6+ 1-0

[Event "18. Open de Sants Hostafrancs 2016"]
[Site "Barcelona ESP"]
[Date "2016.08.20"]
[Round "2.31"]
[White "Martorell Aguado, Joan"]
[Black "Satyapragyan, Swayangsu"]
[Result "1/2-1/2"]
[WhiteElo "2206"]
[BlackElo "2462"]
[PlyCount "117"]
[EventDate "2016.08.19"]
[EventType "swiss"]
[EventRounds "10"]
[EventCountry "ESP"]
[SourceTitle "Ajedrez en Madrid"]
[Source "lmi"]
[SourceDate "2016.08.19"]

1. d4 Nf6 2. Nf3 c5 3. e3 g6 4. Bd3 Bg7 5. O-O O-O 6. c4 cxd4 7. exd4 d5 8. Nc3
Nc6 9. h3 Nb4 10. Be2 Bf5 11. a3 Nc6 12. Bg5 dxc4 13. Bxc4 Rc8 14. Ba2 Ne4 15.
Nxe4 Bxe4 16. Re1 Bd5 17. Bxd5 Qxd5 18. Bxe7 Rfe8 19. Bb4 Nxd4 20. Rxe8+ Rxe8
21. Nxd4 Qxd4 22. Bc3 Qxd1+ 23. Rxd1 Bxc3 24. bxc3 Rc8 25. Rc1 Rc4 26. Kf1 Ra4
27. Ra1 f5 28. Ke2 Kf7 29. Kd3 b5 30. Kc2 Re4 31. Kd3 Ke6 32. Rb1 a6 33. Rb4
Kd5 34. f4 h5 35. h4 Re1 36. a4 Kc5 37. axb5 axb5 38. Rb2 Re4 39. Rf2 Ra4 40.
g3 Ra1 41. Rf3 Ra3 42. Re3 b4 43. Re5+ Kd6 44. Rb5 Rxc3+ 45. Kd4 Rxg3 46. Rxb4
Ke6 47. Rb6+ Kf7 48. Rb7+ Kf6 49. Rb6+ Ke7 50. Rb7+ Kf6 51. Rb6+ Kg7 52. Rb7+
Kh6 53. Ke5 Ra3 54. Kf6 Ra6+ 55. Ke5 Ra8 56. Kf6 Ra6+ 57. Ke5 Ra5+ 58. Kf6 Ra6+
59. Ke5 1/2-1/2

[Event "18. Open de Sants Hostafrancs 2016"]
[Site "Barcelona ESP"]
[Date "2016.08.20"]
[Round "2.32"]
[White "Debashis, Das"]
[Black "Garcia-castany Musellas, Gal.l"]
[Result "1-0"]
[WhiteElo "2459"]
[BlackElo "2213"]
[PlyCount "83"]
[EventDate "2016.08.19"]
[EventType "swiss"]
[EventRounds "10"]
[EventCountry "ESP"]
[SourceTitle "Ajedrez en Madrid"]
[Source "lmi"]
[SourceDate "2016.08.19"]

1. d4 Nf6 2. c4 e6 3. Nc3 Bb4 4. Qc2 c5 5. dxc5 O-O 6. Nf3 Na6 7. c6 bxc6 8. g3
d5 9. a3 Bxc3+ 10. Qxc3 Nc5 11. Bg2 Ba6 12. Nd2 d4 13. Qc2 d3 14. Qc3 dxe2 15.
Kxe2 Qd6 16. Re1 Rad8 17. Kf1 Nd3 18. Re2 c5 19. Kg1 Qb6 20. Nb3 Nxc1 21. Rxc1
Rb8 22. Na5 Nd5 23. Qe1 Ne7 24. Rb1 Rfc8 25. Be4 Rc7 26. b4 Rd8 27. b5 Bc8 28.
Nb3 Bb7 29. Bxb7 Qxb7 30. Rd2 Rdc8 31. Rbd1 Qa8 32. Qe5 Qb8 33. a4 h6 34. a5
Nf5 35. Qf4 Kh7 36. Rd7 Kg8 37. Rxc7 Qxc7 38. Qxc7 Rxc7 39. Rd8+ Kh7 40. a6 Kg6
41. Na5 Ne7 42. Rb8 1-0

[Event "18. Open de Sants Hostafrancs 2016"]
[Site "Barcelona ESP"]
[Date "2016.08.20"]
[Round "2.33"]
[White "Rivera, Ingris"]
[Black "Wan, Yunguo"]
[Result "0-1"]
[WhiteElo "2201"]
[BlackElo "2458"]
[PlyCount "80"]
[EventDate "2016.08.19"]
[EventType "swiss"]
[EventRounds "10"]
[EventCountry "ESP"]
[SourceTitle "Ajedrez en Madrid"]
[Source "lmi"]
[SourceDate "2016.08.19"]

1. d4 b5 2. a4 b4 3. e4 Bb7 4. Bd3 Nf6 5. Qe2 a5 6. Nf3 e6 7. c4 bxc3 8. bxc3
d5 9. e5 Nfd7 10. O-O Be7 11. Ne1 c5 12. Na3 Nc6 13. Qg4 g6 14. Nb5 Ba6 15. Bh6
c4 16. Bc2 Bxb5 17. axb5 Na7 18. f4 Nxb5 19. Qh3 Nb6 20. Bg7 Rg8 21. Qxh7 Kd7
22. Rf3 Kc6 23. Rh3 a4 24. Bd1 a3 25. Nc2 Qe8 26. f5 exf5 27. Bf6 Bxf6 28. exf6
Rh8 29. Qxh8 Qxh8 30. Rxh8 Rxh8 31. Nxa3 Ra8 32. Nc2 Rxa1 33. Nxa1 Nxc3 34. Bf3
Nd7 35. Nc2 Nxf6 36. h4 f4 37. Kf1 Kd6 38. Ke1 Ke6 39. Nb4 Nb5 40. Nc2 Nd6 0-1

[Event "18. Open de Sants Hostafrancs 2016"]
[Site "Barcelona ESP"]
[Date "2016.08.20"]
[Round "2.34"]
[White "Admiraal, Miguoel"]
[Black "Debard, Michel"]
[Result "1-0"]
[WhiteElo "2458"]
[BlackElo "2211"]
[PlyCount "51"]
[EventDate "2016.08.19"]
[EventType "swiss"]
[EventRounds "10"]
[EventCountry "ESP"]
[SourceTitle "Ajedrez en Madrid"]
[Source "lmi"]
[SourceDate "2016.08.19"]

1. e4 c5 2. Nf3 e6 3. g3 Nc6 4. Bg2 Nf6 5. Qe2 Be7 6. e5 Nd5 7. O-O O-O 8. Nc3
Ndb4 9. d3 Nd4 10. Nxd4 cxd4 11. Ne4 Qc7 12. c3 Nc6 13. Bf4 Qd8 14. c4 f5 15.
exf6 gxf6 16. a3 d6 17. Bh6 Rf7 18. f4 Bf8 19. Qh5 f5 20. Ng5 Rc7 21. Rae1 Bxh6
22. Qxh6 Rg7 23. Nxe6 Bxe6 24. Qxe6+ Kh8 25. Qxf5 Ne7 26. Qf6 1-0

[Event "18. Open de Sants Hostafrancs 2016"]
[Site "Barcelona ESP"]
[Date "2016.08.20"]
[Round "2.35"]
[White "Sundararajan, Kidambi"]
[Black "Canal Oliveras, Joan"]
[Result "1/2-1/2"]
[WhiteElo "2442"]
[BlackElo "2204"]
[PlyCount "52"]
[EventDate "2016.08.19"]
[EventType "swiss"]
[EventRounds "10"]
[EventCountry "ESP"]
[SourceTitle "Ajedrez en Madrid"]
[Source "lmi"]
[SourceDate "2016.08.19"]

1. Nf3 e6 2. c4 f5 3. g3 Nf6 4. Bg2 d5 5. O-O c6 6. d3 dxc4 7. d4 Nbd7 8. Nbd2
Nb6 9. Qc2 Bd6 10. e4 Nxe4 11. Nxe4 fxe4 12. Ng5 Be7 13. h4 h6 14. Nh3 e5 15.
Be3 exd4 16. Qxe4 O-O 17. Bxd4 Bf5 18. Qe5 Bf6 19. Qxf5 Bxd4 20. Qe6+ Rf7 21.
Nf4 Qf6 22. Qg4 Re8 23. Rae1 Bxf2+ 24. Kxf2 Qd4+ 25. Kf3 Qd3+ 26. Kf2 Qd4+
1/2-1/2

[Event "18. Open de Sants Hostafrancs 2016"]
[Site "Barcelona ESP"]
[Date "2016.08.20"]
[Round "2.36"]
[White "Prieto Aranguren, Alain"]
[Black "Goh, Wei Ming Kevin"]
[Result "0-1"]
[WhiteElo "2199"]
[BlackElo "2435"]
[PlyCount "122"]
[EventDate "2016.08.19"]
[EventType "swiss"]
[EventRounds "10"]
[EventCountry "ESP"]
[SourceTitle "Ajedrez en Madrid"]
[Source "lmi"]
[SourceDate "2016.08.19"]

1. e4 c5 2. Nf3 e6 3. d4 cxd4 4. Nxd4 Nc6 5. Nc3 Qc7 6. g3 a6 7. Bg2 Nf6 8. O-O
Bc5 9. Nxc6 dxc6 10. Qe2 e5 11. Be3 Be7 12. Na4 c5 13. c4 h6 14. Nc3 Bd7 15.
Nd5 Nxd5 16. exd5 O-O 17. f4 exf4 18. Bxf4 Bd6 19. Qd2 Rae8 20. Bxd6 Qxd6 21.
Qf4 Qxf4 22. Rxf4 f5 23. Rf2 Re3 24. Raf1 b5 25. b3 b4 26. Bh3 g6 27. Rf3 Rfe8
28. Rxe3 Rxe3 29. Kf2 Rc3 30. Re1 Kf7 31. Bg2 Rc2+ 32. Re2 Rxe2+ 33. Kxe2 Kf6
34. Bf1 g5 35. Ke3 Ke5 36. Bd3 Be8 37. Kd2 a5 38. Bc2 Bd7 39. Ke3 Be8 40. Kd2
Bh5 41. Bd1 Bg6 42. Bc2 Bf7 43. Bd3 Bh5 44. Be2 Be8 45. Bd3 a4 46. Be2 a3 47.
Bd3 Bd7 48. Ke3 f4+ 49. gxf4+ gxf4+ 50. Kd2 Kd4 51. Bg6 Bg4 52. Bd3 f3 53. Bf1
Bd7 54. Bd3 Bh3 55. d6 Bd7 56. Bg6 Bg4 57. Bd3 f2 58. Bf1 Ke5 59. Be2 Kxd6 60.
Ke3 Bf5 61. Kxf2 Bc2 0-1

[Event "18. Open de Sants Hostafrancs 2016"]
[Site "Barcelona ESP"]
[Date "2016.08.20"]
[Round "2.37"]
[White "Cruz, Jonathan"]
[Black "Calavalle, Giulio"]
[Result "0-1"]
[WhiteElo "2433"]
[BlackElo "2203"]
[PlyCount "98"]
[EventDate "2016.08.19"]
[EventType "swiss"]
[EventRounds "10"]
[EventCountry "ESP"]
[SourceTitle "Ajedrez en Madrid"]
[Source "lmi"]
[SourceDate "2016.08.19"]

1. e4 c5 2. Nf3 e6 3. b3 a6 4. Bb2 Nc6 5. g3 d6 6. Bg2 e5 7. Nh4 Nge7 8. Qf3 h5
9. h3 Be6 10. Nc3 Nd4 11. Qd1 g5 12. Nf3 Ng6 13. Nd5 Nc6 14. h4 g4 15. Ng5 Bh6
16. f4 Bxd5 17. exd5 Nd4 18. c3 Nf5 19. Ne4 exf4 20. c4 Nd4 21. gxf4 Nxf4 22.
Bxd4 cxd4 23. O-O O-O 24. Rxf4 Bxf4 25. Qf1 f5 26. Qxf4 fxe4 27. Qxe4 Kg7 28.
c5 dxc5 29. Qe5+ Qf6 30. Qxh5 Qf5 31. Qxf5 Rxf5 32. Re1 Raf8 33. Kh2 Rf2 34.
Kg3 Rxd2 35. d6 Rd8 36. Re6 Rxg2+ 37. Kxg2 d3 38. Kf1 g3 39. Re3 g2+ 40. Kxg2
Rxd6 41. Re1 b5 42. Kf2 Rf6+ 43. Kg3 c4 44. bxc4 bxc4 45. Rd1 Rd6 46. Kf3 c3
47. Ke3 c2 48. Rg1+ Rg6 49. Rh1 Rb6 0-1

[Event "18. Open de Sants Hostafrancs 2016"]
[Site "Barcelona ESP"]
[Date "2016.08.20"]
[Round "2.38"]
[White "Sbarra, Marco"]
[Black "Cori T., Deysi"]
[Result "0-1"]
[WhiteElo "2198"]
[BlackElo "2433"]
[PlyCount "64"]
[EventDate "2016.08.19"]
[EventType "swiss"]
[EventRounds "10"]
[EventCountry "ESP"]
[SourceTitle "Ajedrez en Madrid"]
[Source "lmi"]
[SourceDate "2016.08.19"]

1. e4 e6 2. d4 d5 3. Nd2 a6 4. Bd3 c5 5. dxc5 Bxc5 6. Qg4 Nf6 7. Qg3 dxe4 8.
Nxe4 Nxe4 9. Bxe4 Qd4 10. Bd3 Bb4+ 11. Bd2 Qxb2 12. Nf3 Bxd2+ 13. Kxd2 Nc6 14.
Rab1 Qf6 15. Rhe1 O-O 16. Re4 Rd8 17. Ke2 h6 18. Rf4 Qe7 19. Rh4 e5 20. Kf1 Qf6
21. Re1 Be6 22. a4 Rd5 23. Be4 Rc5 24. Bxc6 bxc6 25. Rhe4 Rxc2 26. Rxe5 Rd8 27.
h4 Rc4 28. a5 Qf4 29. Qxf4 Rxf4 30. R5e4 Rxe4 31. Rxe4 c5 32. Ke2 Rd6 0-1

[Event "18. Open de Sants Hostafrancs 2016"]
[Site "Barcelona ESP"]
[Date "2016.08.20"]
[Round "2.40"]
[White "Franco Valencia, Beatriz Irene"]
[Black "Ootes, Lars"]
[Result "1/2-1/2"]
[WhiteElo "2192"]
[BlackElo "2422"]
[PlyCount "114"]
[EventDate "2016.08.19"]
[EventType "swiss"]
[EventRounds "10"]
[EventCountry "ESP"]
[SourceTitle "Ajedrez en Madrid"]
[Source "lmi"]
[SourceDate "2016.08.19"]

1. d4 g6 2. c4 Bg7 3. Nf3 d6 4. g3 Nd7 5. Bg2 e5 6. dxe5 dxe5 7. Nc3 Ngf6 8.
O-O O-O 9. Rb1 Qe7 10. Bg5 c6 11. Qc1 Re8 12. Rd1 Qf8 13. Nd2 Ng4 14. h3 Nh6
15. Nde4 Nf5 16. b4 h6 17. Bd2 Nb6 18. b5 Be6 19. bxc6 bxc6 20. c5 Nc4 21. Nd6
Ncxd6 22. cxd6 Qxd6 23. Ne4 Qc7 24. Qa3 Bd5 25. Ba5 Qc8 26. e3 Rb8 27. Rbc1
Bxe4 28. Bxe4 Ne7 29. Bb4 Bf8 30. Bd6 Rb6 31. Bg2 Qe6 32. Bc5 Nc8 33. Qa4 Bxc5
34. Rxc5 e4 35. Rdc1 Ne7 36. Qxa7 Rb2 37. Qa4 Rxa2 38. Qxe4 Qf6 39. Qf3 Qb2 40.
Bf1 Kg7 41. e4 Rd8 42. Qc3+ Qxc3 43. R5xc3 Rd6 44. Bc4 Ra5 45. Bb3 Re5 46. Bc2
Rd4 47. Bb1 Rd2 48. Rd3 Rxd3 49. Bxd3 Ra5 50. Rb1 Ra3 51. Bc4 Ra4 52. Rc1 Kf6
53. Kg2 g5 54. Rc3 Kg7 55. Bd3 Ra2 56. Bc4 Ra4 57. Bd3 Ra2 1/2-1/2

[Event "18. Open de Sants Hostafrancs 2016"]
[Site "Barcelona ESP"]
[Date "2016.08.20"]
[Round "2.41"]
[White "Reshef, Omer"]
[Black "Povill Claros, Xavier"]
[Result "1-0"]
[WhiteElo "2420"]
[BlackElo "2194"]
[PlyCount "129"]
[EventDate "2016.08.19"]
[EventType "swiss"]
[EventRounds "10"]
[EventCountry "ESP"]
[SourceTitle "Ajedrez en Madrid"]
[Source "lmi"]
[SourceDate "2016.08.19"]

1. e4 c6 2. d4 d5 3. e5 Bf5 4. h4 h5 5. Bd3 Bxd3 6. Qxd3 Qa5+ 7. Nd2 e6 8. Ngf3
Qa6 9. c4 Nh6 10. O-O Nf5 11. Rd1 Be7 12. g3 Nd7 13. b3 c5 14. dxc5 Nxc5 15.
Qc2 dxc4 16. Nxc4 O-O 17. Nd6 Bxd6 18. exd6 Rac8 19. Bf4 Rfd8 20. Rac1 b6 21.
d7 Nxd7 22. Rxd7 Rxc2 23. Rxd8+ Kh7 24. Rxc2 f6 25. Rd7 Qb5 26. Rd1 e5 27. Bc1
Qb4 28. Rc4 Qe7 29. Bb2 Qb7 30. Nxe5 fxe5 31. Bxe5 Qf3 32. Re1 Qd5 33. Rc7 Qd2
34. Bc3 Qxa2 35. Bxg7 Nxg7 36. Ree7 Qxb3 37. Rxg7+ Kh6 38. Rxa7 Qd1+ 39. Kh2
Qd4 40. Rgf7 Kg6 41. Rf4 Qd5 42. Raa4 Qd6 43. Rab4 Qc6 44. Rb2 b5 45. Rfb4 Qc5
46. Rxb5 Qd4 47. Rb6+ Kg7 48. Rb7+ Kg6 49. R2b6+ Kf5 50. Rf7+ Ke5 51. Rbf6 Qd3
52. Rf4 Qd1 53. Re7+ Kd6 54. Ree4 Qc2 55. Rd4+ Ke5 56. Rc4 Qh7 57. Rc5+ Kd6 58.
Rff5 Qg7 59. Rxh5 Qb2 60. Rcf5 Ke6 61. Rf4 Qg7 62. Rg5 Qh6 63. Ra4 Qf8 64. Ra6+
Kd7 65. Rg7+ 1-0

[Event "18. Open de Sants Hostafrancs 2016"]
[Site "Barcelona ESP"]
[Date "2016.08.20"]
[Round "2.42"]
[White "Ochsner, Bjorn Moller"]
[Black "Montilla Carrillo, Esteban"]
[Result "1-0"]
[WhiteElo "2417"]
[BlackElo "2190"]
[PlyCount "85"]
[EventDate "2016.08.19"]
[EventType "swiss"]
[EventRounds "10"]
[EventCountry "ESP"]
[SourceTitle "Ajedrez en Madrid"]
[Source "lmi"]
[SourceDate "2016.08.19"]

1. e4 c5 2. Nf3 d6 3. d4 cxd4 4. Nxd4 Nf6 5. Nc3 a6 6. g3 e5 7. Nde2 b5 8. Nd5
Bb7 9. Nec3 Nbd7 10. Bg2 Nxd5 11. Nxd5 Nb6 12. Bg5 Qxg5 13. Nxb6 Rb8 14. a4 Qd8
15. Nd5 Be7 16. axb5 axb5 17. O-O O-O 18. Ra7 Qe8 19. c3 Bd8 20. Bh3 g6 21. Qd3
f5 22. exf5 e4 23. Qd4 gxf5 24. Ne3 Qc6 25. Nxf5 Rf6 26. Qe3 Kf8 27. Nd4 Qd5
28. Bg2 Qc5 29. b4 Qe5 30. Raa1 Bd5 31. Rfe1 Rc8 32. Bxe4 Bxe4 33. Qxe4 Qxe4
34. Rxe4 Bb6 35. Rc1 d5 36. Rf4 Rxf4 37. Ne6+ Kf7 38. Nxf4 d4 39. Ne2 d3 40.
Nf4 d2 41. Rd1 Rxc3 42. Rxd2 Rc4 43. Rd7+ 1-0